Autobusová stanica Mlynské nivy

Guardado en:
Detalles Bibliográficos
Autor principal: Bôžek, Róbert, 1987- (Autor)
Otros Autores: Andráš, Milan, 1953- (Orientador)
Formato: Manuscrito Libro
Lenguaje:eslovaco
Publicado: Bratislava : STU v Bratislave FA, 2013
Materias:
Acceso en línea:VAIS
Etiquetas: Agregar Etiqueta
Sin Etiquetas, Sea el primero en etiquetar este registro!

MARC

LEADER 00000ntm a22000003a 4500
001 stu267636
005 20210413092127.7
008 130608s2013----xo------------------slo-d
040 |a STU  |b slo 
041 0 |a slo 
044 |a xo 
100 1 |a Bôžek, Róbert,  |d 1987-  |4 aut  |u A  |T FAD Fakulta architektúry  |X 49046  |U A  |Y 50  |7 A000049046 
242 0 0 |a Bus Station Mlynské Nivy  |y eng 
245 1 |a Autobusová stanica Mlynské nivy 
260 |a Bratislava :  |b STU v Bratislave FA,  |c 2013 
650 7 |a traffic  |2 estusub 
650 7 |a doprava  |2 stusub 
700 1 |a Andráš, Milan,  |d 1953-  |4 ths  |u A8180  |U FAD Fakulta architektúry  |U FAD Fakulta architektúry  |T FA Ústav architektúry občianskych budov  |X 4208  |U A8180  |Y 399  |7 A000004208 
856 4 |a info a plný text  |u http://is.stuba.sk/zp/portal_zp.pl?podrobnosti=94585  |u https://opac.crzp.sk/?fn=detailBiblioForm&sid=EE95B465952BB5C00E0143B19651  |3 VAIS